Meilleurs Buteurs de Bundesliga par Saison depuis 1999/2000 - Statistiques

Statistiques générales
  • Ce quiz a été pris 136 fois
    25 depuis la dernière actualisation
  • Le résultat moyen est 14 sur 26
Statistiques - réponses
Saison Club Meileur Buteur Nombre de Buts % Correct
2023-2024 Bayern Munich Harry Kane 36
100%
2024-2025 Bayern Munich Harry Kane 26
100%
2013-2014 Borussia Dortmund Robert Lewandowski 20
100%
2015-2016 Bayern Munich Robert Lewandowski 30
100%
2017-2018 Bayern Munich Robert Lewandowski 29
100%
2018-2019 Bayern Munich Robert Lewandowski 22
100%
2019-2020 Bayern Munich Robert Lewandowski 34
100%
2020-2021 Bayern Munich Robert Lewandowski 41
100%
2021-2022 Bayern Munich Robert Lewandowski 35
100%
2022-2023 RB Leipzig Christopher Nkunku 16
79%
2016-2017 Borussia Dortmund Pierre-Emerick Aubameyang 31
75%
2010-2011 Bayern Munich Mario Gomez 28
63%
2005-2006 Werder Brême Miroslav Klose 25
63%
2011-2012 FC Schalke 04 Klaas-Jan huntelaar 29
50%
2007-2008 Bayern Munich Luca Toni 24
42%
2009-2010 VFL Wolfsburg Edin Dzeko 22
29%
2008-2009 VFL Wolfsburg Grafite 28
21%
2014-2015 Eintracht Francfort Alexander Meier 19
17%
2002-2003 Bayern Munich Giovane Elber 21
13%
2012-2013 Bayer Leverkusen Stefan Kiebling 25
8%
2003-2004 Werder Brême Ailton 28
0%
2004-2005 FC Nuremberg Marek Mintal 24
0%
1999-2000 TSV 1860 Munich Martin Max 19
0%
2001-2002 TSV 1860 Munich Martin Max 18
0%
2000-2001 Hambourg SV Sergej Barbarez 22
0%
2006-2007 VFL Bochum Theofanis Gekas 20
0%
Aucun quiz correspondant
Distribution des résultats
% des personnes avec chaque résultat
Percentile par nombre de réponses
Votre historique - résultats
Vous n’avez pas pris ce quiz depuis la dernière actualisation